| 000 | 01553nam a2200253Ia 4500 | ||
|---|---|---|---|
| 003 | Ost | ||
| 005 | 20260507075052.0 | ||
| 008 | 260507s9999||||xx |||||||||||||| ||und|| | ||
| 040 | _cfsecg | ||
| 041 | _aara | ||
| 082 | _a657.7 | ||
| 100 |
_aنور، أحمد محمد _eمؤلف |
||
| 245 | 0 |
_aمدخل معاصر في مبادئ المحاسبة الإدارية / _c أحمد محمد نور |
|
| 260 |
_aالاسكندرية: _bالدار الجامعية, _c2003 |
||
| 300 |
_a433 صفحة؛ _bإيضاحات ؛ _c24 سم |
||
| 504 | _aالملاحق ص.428 | ||
| 520 | _aالمحاسبة الادارية، دورها، تطورها التاريخي، واتجاهاتها، استخدام معلومات التكلفة في عملية اتختذ القرارات، اعداد التقارير القطاعية وتقييم الأداء، تقييم الأداء في الوحدات الاقتصادية التي تستخدم أسلوب اللامركزية، تحليل العلاقة بين التكلفة والحجم والربح لأغراض تخطيط الانتاج والأرباح واتخاذ القرارات، موازنات النشاط التجاري، تخطيط الاستثمارات والموازنة الرأسمالية | ||
| 653 | _aاتخاذ القرارات | ||
| 653 | _aالمحاسبة الادارية | ||
| 653 | _aتقييم الأداء | ||
| 700 |
_aالسوافيري، فتحي رزق _eمؤلف ثانوي |
||
| 700 |
_aالسيد شحاتة، شحاتة _eمؤلف ثانوي |
||
| 942 | _cكتاب | ||
| 999 |
_c42672 _d42672 |
||